Nederlandse Voetbalpiramide - Statistieken

Algemene statistieken
  • Deze quiz is 32 keer genomen
  • De gemiddelde score is 45 van 92
Antwoordstatistieken
Antwoord Divisie % Correct
Ajax Eredivisie
100%
Feyenoord Eredivisie
100%
PSV Eredivisie
100%
FC Utrecht Eredivisie
96%
SC Heerenveen Eredivisie
96%
AZ Eredivisie
92%
N.E.C. Eredivisie
92%
Sparta Nijkerk Derde Divisie A
92%
Sparta Rotterdam Eredivisie
92%
Telstar Eredivisie
92%
FC Groningen Eredivisie
88%
ADO '20 Derde Divisie A
85%
ADO Den Haag Eerste Divisie
85%
FC Volendam Eredivisie
85%
Heracles Almelo Eredivisie
85%
Jong Ajax Eerste Divisie
85%
SC Cambuur Eerste Divisie
85%
FC Twente Eredivisie
81%
Jong PSV Eerste Divisie
81%
NAC Breda Eredivisie
81%
RKAV Volendam Tweede Divisie
81%
Excelsior '31 Derde Divisie A
77%
Excelsior Maassluis Tweede Divisie
77%
Excelsior Rotterdam Eredivisie
77%
Go Ahead Eagles Eredivisie
73%
Jong AZ Eerste Divisie
73%
Jong Utrecht Eerste Divisie
73%
PEC Zwolle Eredivisie
73%
Roda JC Kerkrade Eerste Divisie
73%
Vitesse Eerste Divisie
73%
Willem II Eerste Divisie
73%
FC Den Bosch Eerste Divisie
69%
FC Eindhoven Eerste Divisie
69%
Fortuna Sittard Eredivisie
69%
TOP Oss Eerste Divisie
69%
VV UNA Derde Divisie B
69%
MVV Maastricht Eerste Divisie
65%
VVV-Venlo Eerste Divisie
65%
Almere City FC Eerste Divisie
62%
Helmond Sport Eerste Divisie
62%
Quick Boys Tweede Divisie
62%
RKC Waalwijk Eerste Divisie
62%
AFC Tweede Divisie
58%
FC Dordrecht Eerste Divisie
58%
FC Emmen Eerste Divisie
58%
SV Spakenburg Tweede Divisie
58%
De Graafschap Eerste Divisie
50%
IJsselmeervogels Tweede Divisie
42%
VV Katwijk Tweede Divisie
42%
HSV Hoek Tweede Divisie
38%
HHC Hardenberg Tweede Divisie
35%
Jong Sparta Tweede Divisie
35%
RBC Roosendaal Derde Divisie B
35%
BVV Barendrecht Tweede Divisie
31%
GVVV Tweede Divisie
31%
Rijnsburgse Boys Tweede Divisie
31%
ACV Assen Tweede Divisie
27%
Blauw Geel '38 Derde Divisie B
23%
De Treffers Tweede Divisie
23%
FC Rijnvogels Derde Divisie B
23%
Jong Almere City Tweede Divisie
23%
Koninklijke HFC Tweede Divisie
23%
Kozakken Boys Tweede Divisie
23%
SV Urk Derde Divisie A
23%
SVV Scheveningen Derde Divisie B
23%
VV Gemert Derde Divisie B
23%
VVSB Derde Divisie B
23%
Harkemase Boys Derde Divisie A
19%
RKSV Groene Ster Derde Divisie B
19%
USV Hercules Derde Divisie A
19%
VV Goes Derde Divisie B
19%
VV Kloetinge Derde Divisie B
19%
ASWH Derde Divisie B
15%
FC Lisse Derde Divisie B
15%
SC Genemuiden Derde Divisie A
15%
SteDoCo Derde Divisie B
15%
SV Meerssen Derde Divisie B
15%
UDI '19 Derde Divisie B
15%
VV DOVO Derde Divisie A
15%
VV Hoogeveen Derde Divisie A
15%
VV Noordwijk Derde Divisie B
15%
Rohda Raalte Derde Divisie A
12%
Sportlust '46 Derde Divisie A
12%
SV Huizen Derde Divisie A
8%
SV TEC Derde Divisie A
8%
TOGB Derde Divisie B
8%
VV Eemdijk Derde Divisie A
8%
VV Staphorst Derde Divisie A
8%
VV Zwaluwen Derde Divisie B
8%
DVS '33 Derde Divisie A
4%
VV Scherpenzeel Derde Divisie A
4%
HSC '21 Derde Divisie A
0%
Geen overeenkomende quizzen gevonden
Scoreverdeling
Procent van Mensen met Elke Score
Percentiel versus Aantal Correcte Antwoorden
Uw Scoregeschiedenis
U heeft deze quiz nog niet genomen